[Event "Udaipur Lakecity rapid op 1st"]
[Site "Udaipur"]
[Date "2019.09.15"]
[Round "7"]
[White "Bajaj, Prakhar"]
[Black "Ravi, Teja Sanka"]
[Result "0-1"]
[WhiteElo "1791"]
[BlackElo "2455"]
[PlyCount "70"]
[EventDate "2019.09.14"]
[EventType "swiss (rapid)"]
[EventRounds "9"]
[EventCountry "IND"]
[SourceTitle "EXT 2020"]
[Source "ChessBase"]
[SourceDate "2019.10.17"]
[SourceVersion "1"]
[SourceVersionDate "2019.10.17"]
[SourceQuality "1"]

1. e4 c6 2. d4 d5 3. Nc3 a6 4. exd5 cxd5 5. a4 Nc6 6. Nf3 Bg4 7. Be2 e6 8. h3 Bxf3 9. Bxf3 Bb4 10. 0-0 Nf6 11. Bg5 Bxc3 12. bxc3 0-0 13. c4 dxc4 14. c3 Qc7 15. Qe1 Nd5 16. Bd1 b5 17. Bc2 Rae8 18. f4 b4 19. Qf2 b3 20. Be4 Nxc3 21. Bf3 f6 22. Bh4 Nb4 23. Qb2 Ncd5 24. Rad1 Ne3 25. Qc3 Nbd5 26. Bxd5 exd5 27. f5 Nxd1 28. Rxd1 Qf4 29. Bg3 Qe3+ 30. Qxe3 Rxe3 31. Kf2 Rxg3 32. Kxg3 c3 33. Rc1 c2 34. Kf2 Re8 35. a5 Re4 0-1

[Event "Mumbai Wealth op U13 4th"]
[Site "Mumbai"]
[Date "2019.01.07"]
[Round "9"]
[White "Bajaj, Prakhar"]
[Black "Bagwe, Gaurang"]
[Result "1-0"]
[WhiteElo "1551"]
[BlackElo "1768"]
[PlyCount "117"]
[EventDate "2018.12.30"]
[EventType "swiss"]
[EventRounds "9"]
[EventCountry "IND"]
[SourceTitle "CBM 188 Extra"]
[Source "ChessBase"]
[SourceDate "2019.02.26"]
[SourceVersion "1"]
[SourceVersionDate "2019.02.26"]
[SourceQuality "1"]

1. d4 d5 2. Nf3 Nf6 3. Bf4 e6 4. e3 Be7 5. Bd3 0-0 6. Nbd2 Nbd7 7. Ne5 Nxe5 8. dxe5 Nd7 9. Nf3 f6 10. h4 h6 11. Bg6 fxe5 12. Nxe5 Nxe5 13. Bxe5 Bxh4 14. g3 Bf6 15. Bf4 Bg5 16. Qd3 Qe7 17. 0-0-0 c6 18. Bxg5 Qxg5 19. f4 Qe7 20. g4 e5 21. g5 exf4 22. exf4 Rxf4 23. gxh6 Qg5 24. Qe3 Bg4 25. h7+ Kh8 26. Rde1 Raf8 27. Bd3 d4 28. Qd2 Qf6 29. Qb4 b6 30. Qb3 Rf3 31. Qg8+ Rxg8 32. hxg8Q+ Kxg8 33. Bc4+ Be6 34. Rxe6 Qg5+ 35. Kb1 Qd5 36. Bxd5 cxd5 37. Rd6 Rf5 38. b3 g5 39. Rd7 g4 40. Rg1 Rg5 41. Kc1 g3 42. Kd2 g2 43. Re7 b5 44. Re2 a5 45. Rexg2 Rxg2+ 46. Rxg2+ Kf7 47. Kd3 a4 48. Kxd4 axb3 49. axb3 Ke6 50. Rg5 b4 51. Rxd5 Ke7 52. Kc4 Ke6 53. Rd3 Ke5 54. Kxb4 Ke4 55. Kc4 Ke5 56. b4 Ke4 57. b5 Kf4 58. b6 Ke4 59. b7 1-0

[Event "Mumbai Wealth op U13 4th"]
[Site "Mumbai"]
[Date "2019.01.06"]
[Round "8"]
[White "Bhagyashree, Patil"]
[Black "Bajaj, Prakhar"]
[Result "0-1"]
[WhiteElo "1758"]
[BlackElo "1551"]
[PlyCount "98"]
[EventDate "2018.12.30"]
[EventType "swiss"]
[EventRounds "9"]
[EventCountry "IND"]
[SourceTitle "CBM 188 Extra"]
[Source "ChessBase"]
[SourceDate "2019.02.26"]
[SourceVersion "1"]
[SourceVersionDate "2019.02.26"]
[SourceQuality "1"]

1. e4 c5 2. Nf3 e6 3. d4 cxd4 4. Nxd4 a6 5. Be3 Nf6 6. Nd2 Qc7 7. Be2 d5 8. Bd3 e5 9. N4b3 dxe4 10. Nxe4 Nxe4 11. Bxe4 f5 12. Bd5 Nd7 13. 0-0 Nf6 14. Re1 Bd6 15. c4 Bb4 16. Re2 Bd7 17. Bf4 Ng4 18. Bxe5 Nxe5 19. f4 0-0-0 20. fxe5 Rhe8 21. Qd4 Kb8 22. Kh1 Be6 23. Qf4 g6 24. a3 Bf8 25. Bxe6 Rxe6 26. Nd4 Ree8 27. Nf3 Bg7 28. b4 Re6 29. Rae1 Rde8 30. h3 h6 31. c5 Qf7 32. a4 g5 33. Qd4 Qh5 34. b5 g4 35. Ng1 gxh3 36. Nxh3 f4 37. bxa6 f3 38. Qd5 fxg2+ 39. Rxg2 R8e7 40. axb7 Re8 41. Rxg7 Qxh3+ 42. Kg1 Qc3 43. Rb1 Qe3+ 44. Kg2 Qe2+ 45. Kh1 Qh5+ 46. Kg1 Rg6+ 47. Rxg6 Qxg6+ 48. Kf2 Qxb1 49. c6 Qb2+ 0-1

[Event "Mumbai Wealth op U13 4th"]
[Site "Mumbai"]
[Date "2019.01.05"]
[Round "7"]
[White "Bajaj, Prakhar"]
[Black "Jain, Kashish Manoj"]
[Result "0-1"]
[WhiteElo "1551"]
[BlackElo "1853"]
[PlyCount "108"]
[EventDate "2018.12.30"]
[EventType "swiss"]
[EventRounds "9"]
[EventCountry "IND"]
[SourceTitle "CBM 188 Extra"]
[Source "ChessBase"]
[SourceDate "2019.02.26"]
[SourceVersion "1"]
[SourceVersionDate "2019.02.26"]
[SourceQuality "1"]

1. d4 Nf6 2. Nf3 g6 3. c4 Bg7 4. Nc3 0-0 5. e4 d6 6. Be2 e5 7. dxe5 dxe5 8. Qxd8 Rxd8 9. Bg5 c6 10. 0-0 h6 11. Rad1 Re8 12. Bxf6 Bxf6 13. Rd2 Na6 14. Bd3 Bg4 15. Bc2 Bxf3 16. gxf3 Nc5 17. Rfd1 Ne6 18. Ne2 a5 19. Kg2 a4 20. Nc3 Bg5 21. Rd7 Nc5 22. R7d6 Bd8 23. a3 Bc7 24. R6d2 Ba5 25. Rd6 Bc7 26. R6d2 Kf8 27. Kf1 h5 28. Ke2 Bb6 29. Kf1 Ke7 30. Kg2 Ba5 31. Kf1 Bxc3 32. bxc3 Red8 33. Rxd8 Rxd8 34. Rxd8 Kxd8 35. Ke2 Kc7 36. Kd2 Kd6 37. Bd1 Nb3+ 38. Kd3 Kc5 39. Bc2 f6 40. Bd1 h4 41. h3 Na5 42. Bxa4 Nxc4 43. Bb3 Nxa3 44. Bf7 g5 45. Bb3 Nb5 46. Bg8 Nd6 47. Bb3 b5 48. Bg8 b4 49. c4 Nb7 50. Bf7 Na5 51. Bg8 Nb3 52. Bf7 Nd4 53. Bh5 Kb6 54. Bg4 Ka5 0-1